| 000 | 00776nam a2200265Ia 4500 | ||
|---|---|---|---|
| 003 | OSt | ||
| 005 | 20221007110945.0 | ||
| 006 | a|||||r|||| 00| 0 | ||
| 007 | ta | ||
| 008 | 221006b |||||||| |||| 00| 0 eng d | ||
| 020 | _a8175040289 | ||
| 024 | _a22,259 | ||
| 037 | _cTextual | ||
| 040 |
_aLCO _cLCO _beng |
||
| 041 |
_2eng _aeng |
||
| 082 | _aZ3,193, P2 | ||
| 100 |
_aNewburn Tim _9265005 |
||
| 245 | 0 |
_aPolicing, Surveillance and Social Control _b CCTV and Police Monitoring of Suspects |
|
| 260 |
_aNew _bDelhi Lawman (India) Private Limited India _c2002 |
||
| 300 | _a198 | ||
| 650 | _aSOCIAL CONTROL | ||
| 700 |
_a Hayman Stephanie _9686881 |
||
| 942 |
_hZ3,193, P2 _cTEXL |
||
| 999 |
_c1191822 _d1191822 |
||